| 000 -ლიდერი |
| ფიქსირებული სიგრძის საკონტროლო ველი |
01171nam a2200229Ia 4500 |
| 001 - საკონტროლო ნომერი |
| საკონტროლო ველი |
4339 |
| 003 - საკონტროლო ნომრის იდენტიფიკატორი |
| საკონტროლო ველი |
GE_BSU |
| 005 - ბოლო ოპერაციის თარიღი და დრო |
| საკონტროლო ველი |
20191008121156.0 |
| 008 - ფიქსირებული სიგრძის მონაცემთა ელემენტები - ზოგადი ინფორმაცია |
| ფიქსირებული სიგრძის საკონტროლო ველი |
181216s1990||||ge |||||||||||||| ||geo|| |
| 040 ## - კატალოგიზაციის წყარო |
| Transcribing agency |
GE_BSU |
| 041 ## - ენის კოდი |
| Language code of text/sound track or separate title |
geo |
| 080 ## - უნივერსალური ათობითი კლასიფიკაციის ინდექსი |
| Universal Decimal Classification number |
821.353.1-91-1 + 821.353.32-91-1 ს–24 |
| 100 ## - მთავარი ჩანაწერი - პიროვნების სახელი |
| Personal name |
სამუშია, კალისტრატე |
| 9 (RLIN) |
4059 |
| 245 ## - ცნობა სათაურის შესახებ |
| Title |
ქართული ზეპირსიტყვიერება : |
| Remainder of title |
მეგრული ნიმუშები / |
| Statement of responsibility, etc |
კალისტრატე სამუშია; რედ.: იოსებ მეგრელიძე. |
| 264 ## - წარმოების, გამოცემის, დისტრიბუციის და სხვა ცნობები |
| გამოცემის, წარმოების, დისტრიბუციის... ადგილი |
თბილისი : |
| გამოცემის, წარმოების, დისტრიბუციის... სახელწოდება |
მეცნიერება, |
| გამოცემის, წარმოების, დისტრიბუციის... თარიღი |
1990. |
| 300 ## - ფიზიკური აღწერა |
| Extent |
151 გვ. ; |
| Other physical details |
21 სმ. |
| 653 ## - INDEX TERM--UNCONTROLLED |
| Uncontrolled term |
ქართული ზეპირსიტყვიერება |
| 653 ## - INDEX TERM--UNCONTROLLED |
| Uncontrolled term |
ქართული ფოლკლორი |
| 700 ## - ADDED ENTRY--PERSONAL NAME |
| Personal name |
მეგრელიძე, ი. |
| Relator term |
რედაქტორი |
| 9 (RLIN) |
1203 |
| 710 ## - ADDED ENTRY--CORPORATE NAME |
| Corporate name or jurisdiction name as entry element |
საქ. მეცნ. აკად., ზუგდიდის სამეცნ. ცენტრი, ზუგდიდის ისტ. მუზეუმი. |
| 9 (RLIN) |
4613 |
| 942 ## - ADDED ENTRY ELEMENTS (KOHA) |
| Koha item type |
წიგნი |
| Source of classification or shelving scheme |
|